Регионална библиотека "Любен Каравелов" - Русе

Ръководство за упражнения по овцевъдство (Запис номер 362817)

MARC детайли
000 -Лидер
Контролно поле с фиксирана дължина nam a22 c 4500
003 - Код на организацията, давaща контролен номер
Контролно поле BLK
005 - Дата и час на последна редакция
Контролно поле 20200519112100.0
008 - Елементи от данни с фиксирана дължина
fixed length control field 200519b bu ||||| |||| 00| 0 bu d
040 ## - Източник на каталожния запис
Идентификатор на билиотеката - собственик на записа BLK
041 ## - Код за език
Код за езика на текст/звукозапис или на отделно заглавие Български
Код за езика КДБФ Български
080 ## - УДК
Текстов определител УДК Овце
УДК код - определител по УДК 636.32/.38
УДК определител (075.8)
УДК - код + определител 636.32/.38(075.8)
100 1# - Редна дума - Автор
Автор Тянков, Светозар Пенев
Авторска отговорност първи автор
R(LIN) 253702
139 ## - Редно поле
Редна дума Тянков, Светозар Пенев и др.
Авторски знак Тя - Т 99
245 10 - Сведения за заглавието
Заглавие Ръководство за упражнения по овцевъдство
Подзаглавни данни Учебник за студентите по зооинж.
Редно поле (дума) Светозар Пенев Тянков; съавт. Иван Костадинов Станков; съавт. Иван Запрянов Бошнаков; под общ. ред на Светозар Пенев Тянков
250 ## - Област на изданието
Сведения за изданието 1. изд.
257 ## - Страна на издаване
Страна на създаване/издаване България
260 ## - Област на издателските данни
Име на издателя, разпространителя и проч. Земиздат
Година на издаване 1985
Място на издаване, разпространение и проч. София
Печатница Хасково : Ат. Стратиев
300 ## - Физическа характеристика
Страници 124 с.
Илюстрации и др. с ил., сх., табл. фотогр.
Размери/Мащаб 24 см
380 ## - Жанр
Жанр Селско стопанство
500 ## - Общи забележки
Забележка 2 084 тир. - Бел. под линия
650 #4 - Допълнително описание по предмет – тема
Основно описание – тема или топоним Овцевъдство - учебници за ВУЗ
9 (RLIN) 253705
653 #7 - Ключова дума – ненормативна
9 (RLIN) 192687
Ключова дума овцевъдство
700 1# - Други автори (авторска отговорност)
Лично име Станков, Иван Костадинов
Автороска отговорност (Описва отношението между автора и произведението) съавт.
9 (RLIN) 253703
700 ## - Други автори (авторска отговорност)
Лично име Бошнаков, Иван Запрянов
Автороска отговорност (Описва отношението между автора и произведението) съавт.
9 (RLIN) 411095
700 ## - Други автори (авторска отговорност)
Лично име Тянков, Светозар Пенев
Автороска отговорност (Описва отношението между автора и произведението) под общ. ред. на
9 (RLIN) 864
852 ## - Местоположение
Форматна сигнатура Цб 137688
Фондова буква Хранилище
999 ## - СИСТЕМНИ КОНТРОЛНИ НОМЕРА
Koha biblionumber 362817
Koha biblioitemnumber 362817
942 ## - АРТИКУЛИ
Вид на библиотечния материал Книги
Скрит в OPAC Не
Периодичен библиозапис Да
944 ## - СЪЗДАВАНЕ И РЕДАКЦИЯ на ЗАПИСА
Създаване/Редакция Създаване
Дата на регистрацията/редакция 2020-05-19
Служител, извършил регистрацията/редакцията С.Т.
Наличности
Код за отписване Код за изгубен артикул Източник на класификационната схема Код за повреда Коз за рестрикции Код за отдаване Артикулен № Име на библиотеката - собственик Име на библиотеката, в която се намира в момента Статус (Текущо местоположение) Дата на вписване в системата Местоположение - отдел Цена в лева Инвентарен номер Систематично азбучна сигнатура Баркод Цена в евро Служебен тип на артикула
  Не е изгубен Universal Decimal Classification Не е повреден само за читалня ползва се в читалня 770829 Регионална библиотека "Любен Каравелов" Русе Регионална библиотека "Любен Каравелов" Русе Хранилище 2020-05-20 Хранилище 0.65 437180 Цб 137688 900000016430 0.33 Книги
Vip Innovations Ltd, Rousse, Bulgaria 2025